000 00643nam a22001937a 4500
999 _c193398
_d193398
005 20230317170401.0
010 _aENG-135556
020 _c195.00
_a9789331322104
035 _aEN-119088
037 _bDBAD/PUB
082 _a658
100 _aMehta, gaurav N.
245 _aComplete guide to cmat:
_bCommon management admission test/
_cBy Gaurav mehta and Chintan vora
260 _aNew delhi
_baph publishing corporation
_c110002
270 _a4435-36/7, Ansari road, daryaganj
_bNew delhi
_e110002
_maphbooks@vsnl.net
300 _a204p.
_c22Cm(pbk)
700 _aVora, chintan n.
_eauthor
942 _2ddc
_cEN
_mMEH
_h658